Statistics for Countries and Cities with Similar Populations

Click here to take the quiz!

General Stats

  • This quiz has been taken 74 times
  • The average score is 6 of 12

Answer Stats

City Pop. City Country Pop. Country % Correct
47,700,000Guangzhou47,166,000Spain
83%
39,500,000Tokyo38,437,239Poland
81%
17,800,000Osaka17,753,200Kazakhstan
58%
26,400,000New Delhi26,423,700Mozambique
52%
17,100,000Lagos17,027,360Netherlands
52%
24,400,000Seoul24,383,301Angola
51%
22,100,000Mexico City22,434,363Madagascar
49%
28,100,000Jakarta28,431,500Nepal
46%
16,900,000Bangkok16,832,910Malawi
46%
30,900,000Shanghai31,015,999Saudi Arabia
39%
23,300,000Manila23,514,750Taiwan
36%
21,100,000Beijing20,966,000Sri Lanka
32%

Score Distribution

Percentile by Number Answered

Percent of People with Each Score

Your Score History

You have not taken this quiz